<?xml version="1.0" encoding="UTF-8"?>
<record
    xmlns:xsi="http://www.w3.org/2001/XMLSchema-instance"
    xsi:schemaLocation="http://www.loc.gov/MARC21/slim http://www.loc.gov/standards/marcxml/schema/MARC21slim.xsd"
    xmlns="http://www.loc.gov/MARC21/slim">

  <leader>01209nam a22002895a 4500</leader>
  <datafield tag="999" ind1=" " ind2=" ">
    <subfield code="c">27424</subfield>
    <subfield code="d">27395</subfield>
  </datafield>
  <controlfield tag="003">EG-ScBUE</controlfield>
  <controlfield tag="005">20190504111204.0</controlfield>
  <controlfield tag="008">190504s2013    sy     frb    000 0 ara d</controlfield>
  <datafield tag="020" ind1=" " ind2=" ">
    <subfield code="a">9789933444822</subfield>
  </datafield>
  <datafield tag="040" ind1=" " ind2=" ">
    <subfield code="a">EG-ScBUE</subfield>
    <subfield code="b">ara</subfield>
    <subfield code="c">EG-ScBUE</subfield>
    <subfield code="d">EG-ScBUE</subfield>
  </datafield>
  <datafield tag="082" ind1="0" ind2="4">
    <subfield code="a">327</subfield>
    <subfield code="b">&#x645; &#x646; &#x63A;</subfield>
    <subfield code="2">22</subfield>
  </datafield>
  <datafield tag="100" ind1="1" ind2=" ">
    <subfield code="a">&#x645;&#x646;&#x63A;&#x633;&#x62A;&#x60C; &#x643;&#x627;&#x631;&#x64A;&#x646; &#x623;.&#x60C;</subfield>
    <subfield code="d">1947-</subfield>
  </datafield>
  <datafield tag="245" ind1="1" ind2="0">
    <subfield code="a">&#x645;&#x628;&#x627;&#x62F;&#x626; &#x627;&#x644;&#x639;&#x644;&#x627;&#x642;&#x627;&#x62A; &#x627;&#x644;&#x62F;&#x648;&#x644;&#x64A;&#x629; =</subfield>
    <subfield code="b">Essentials of international relations /</subfield>
    <subfield code="c">&#x62A;&#x623;&#x644;&#x64A;&#x641; &#x643;&#x627;&#x631;&#x64A;&#x646; &#x623;. &#x645;&#x646;&#x63A;&#x633;&#x62A;&#x60C; &#x625;&#x64A;&#x641;&#x627;&#x646; &#x645;. &#x623;&#x631;&#x64A;&#x63A;&#x648;&#x64A;&#x646;-&#x62A;&#x641;&#x62A; &#x61B; &#x62A;&#x631;&#x62C;&#x645;&#x629; &#x62D;&#x633;&#x627;&#x645; &#x627;&#x644;&#x62F;&#x64A;&#x646; &#x62E;&#x636;&#x648;&#x631;.</subfield>
  </datafield>
  <datafield tag="246" ind1="3" ind2="1">
    <subfield code="a">Essentials of international relations</subfield>
  </datafield>
  <datafield tag="250" ind1=" " ind2=" ">
    <subfield code="a">&#x637;. 1.</subfield>
  </datafield>
  <datafield tag="260" ind1=" " ind2=" ">
    <subfield code="a">&#x62F;&#x645;&#x634;&#x642; :</subfield>
    <subfield code="b">&#x62F;&#x627;&#x631; &#x627;&#x644;&#x641;&#x631;&#x642;&#x62F; &#x644;&#x644;&#x637;&#x628;&#x627;&#x639;&#x629; &#x648;&#x627;&#x644;&#x646;&#x634;&#x631; &#x648;&#x627;&#x644;&#x62A;&#x648;&#x632;&#x64A;&#x639;&#x60C;</subfield>
    <subfield code="c">2013.</subfield>
  </datafield>
  <datafield tag="300" ind1=" " ind2=" ">
    <subfield code="a">584 &#x635;. &#x61B;</subfield>
    <subfield code="c">24 &#x633;&#x645;.</subfield>
  </datafield>
  <datafield tag="500" ind1=" " ind2=" ">
    <subfield code="a">&#x64A;&#x634;&#x62A;&#x645;&#x644; &#x639;&#x644;&#x649; &#x642;&#x627;&#x626;&#x645;&#x629; &#x628;&#x627;&#x644;&#x645;&#x635;&#x637;&#x644;&#x62D;&#x627;&#x62A;.</subfield>
  </datafield>
  <datafield tag="504" ind1=" " ind2=" ">
    <subfield code="a">&#x64A;&#x634;&#x62A;&#x645;&#x644; &#x639;&#x644;&#x649; &#x625;&#x631;&#x62C;&#x627;&#x639;&#x627;&#x62A; &#x628;&#x628;&#x644;&#x64A;&#x648;&#x62C;&#x631;&#x627;&#x641;&#x64A;&#x629;.</subfield>
  </datafield>
  <datafield tag="650" ind1=" " ind2="7">
    <subfield code="a">&#x627;&#x644;&#x639;&#x644;&#x627;&#x642;&#x627;&#x62A; &#x627;&#x644;&#x62E;&#x627;&#x631;&#x62C;&#x64A;&#x629;.</subfield>
    <subfield code="2">BUEsh</subfield>
  </datafield>
  <datafield tag="650" ind1=" " ind2="7">
    <subfield code="a">&#x627;&#x644;&#x639;&#x644;&#x627;&#x642;&#x627;&#x62A; &#x627;&#x644;&#x62F;&#x648;&#x644;&#x64A;&#x629;.</subfield>
    <subfield code="2">BUEsh</subfield>
  </datafield>
  <datafield tag="651" ind1=" " ind2=" ">
    <subfield code="2">BUEsh</subfield>
  </datafield>
  <datafield tag="653" ind1=" " ind2=" ">
    <subfield code="b">BUSBOL</subfield>
    <subfield code="c">May2019</subfield>
  </datafield>
  <datafield tag="700" ind1="1" ind2=" ">
    <subfield code="a">&#x623;&#x631;&#x64A;&#x63A;&#x648;&#x64A;&#x646;-&#x62A;&#x641;&#x62A;&#x60C; &#x625;&#x64A;&#x641;&#x627;&#x646; &#x645;.</subfield>
  </datafield>
  <datafield tag="700" ind1="1" ind2=" ">
    <subfield code="a">&#x62E;&#x636;&#x648;&#x631;&#x60C; &#x62D;&#x633;&#x627;&#x645; &#x627;&#x644;&#x62F;&#x64A;&#x646;&#x60C;</subfield>
    <subfield code="e">&#x645;&#x62A;&#x631;&#x62C;&#x645;.</subfield>
  </datafield>
  <datafield tag="942" ind1=" " ind2=" ">
    <subfield code="2">ddc</subfield>
  </datafield>
  <datafield tag="952" ind1=" " ind2=" ">
    <subfield code="0">0</subfield>
    <subfield code="1">0</subfield>
    <subfield code="2">ddc</subfield>
    <subfield code="4">0</subfield>
    <subfield code="7">0</subfield>
    <subfield code="8">Madboly</subfield>
    <subfield code="a">MAIN</subfield>
    <subfield code="b">MAIN</subfield>
    <subfield code="c">1ST</subfield>
    <subfield code="d">2019-05-04</subfield>
    <subfield code="e">Purchase</subfield>
    <subfield code="g">700.00</subfield>
    <subfield code="h">0921</subfield>
    <subfield code="o">327 &#x645; &#x646; &#x63A;</subfield>
    <subfield code="p">000044627</subfield>
    <subfield code="r">2025-07-15 00:00:00</subfield>
    <subfield code="s">2024-02-27</subfield>
    <subfield code="v">875.00</subfield>
    <subfield code="y">BB</subfield>
  </datafield>
</record>
